000 00316nam a22001337a 4500
008 170526b xxu||||| |||| 00| 0 eng d
020 _a9780201546101
041 _aeng
080 _a621
100 _a27
101 _aIM
245 _aA DICIPLINES FOR SOFTWARE ENGINEERING
_cHUMPHREY.W.S
942 _2udc
_cBK
999 _c14483
_d14483